书目信息 |
| 题名: |
小红马
|
|
| 作者: | 斯坦贝克 著 ;石枚 , 邹晗 译文 ;嘉孚随文学家编辑部 主编 | |
| 分册: | ||
| 出版信息: | 北京 中国和平出版社 2005 |
|
| 页数: | 207页 | |
| 开本: | 21cm | |
| 丛书名: | 人与自然的交响乐章---诺贝尔文学奖名篇 | |
| 单 册: | ||
| 中图分类: | I712.84 , H319.4 | |
| 科图分类: | ||
| 主题词: | 儿童文学--短篇小说--作品集--美国--现代 , 英语 | |
| 电子资源: | ||
| ISBN: | 7-80201-144-2 | |
| 000 | 01649nam0 2200445 450 | |
| 000 | 01612nam0 2200433 450 | |
| 000 | 01531nam0 2200397 450 | |
| 000 | 01494nam0 2200385 450 | |
| 000 | 01457nam0 2200373 450 | |
| 000 | 01421nam0 2200361 450 | |
| 000 | 01280nam0 2200349 450 | |
| 000 | 01226nam0 2200325 450 | |
| 000 | 01244nam0 2200313 450 | |
| 000 | 01207nam0 2200301 45 | |
| 001 | TS2006026997 | |
| 005 | 20070822163948.00 | |
| 010 | @a7-80201-144-2@dCNY18.00 | |
| 100 | @a20060829d2005 aedy0chiy0120 ea | |
| 101 | 0 | @achi@aeng |
| 102 | @aCN@b110000 | |
| 105 | @aa z 000ay | |
| 200 | 1 | @a小红马@AXiao Hong Ma@f(美)约翰·斯坦贝克著@F( Mei ) Yue Han· Si Tan Bei Ke Zhu@g嘉孚随文学家编辑部主编@Gjia fu sui wen xue jia bian ji bu zhu bian@g石枚译文@g邹晗绘图 |
| 210 | @a北京@c中国和平出版社@d2005 | |
| 215 | @a207页@c图@d21cm | |
| 225 | 2 | @a人与自然的交响乐章---诺贝尔文学奖名篇 |
| 300 | @a彩绘名著;中英文双语阅读 | |
| 330 | @a生长在美国中部的大草原上的男孩乔迪,意外地得到了一匹漂亮的小红马,这个奢侈品使他一下子成为男孩们仰视的骑士...... | |
| 410 | 0 | @12001 @a人与自然的交响乐章---诺贝尔文学奖名篇 |
| 606 | 0 | @a儿童文学@x短篇小说@x作品集@y美国@z现代 |
| 606 | 0 | @a英语 |
| 690 | @aI712.84@v4 | |
| 690 | @aH319.4@v3 | |
| 701 | 1 | @a斯坦贝克@ASi Tan Bei Ke@b约翰@4著 |
| 702 | 0 | @a石枚@AShi Mei@4译文 |
| 702 | 0 | @a邹晗@AZou Han@4绘图 |
| 712 | 0 | @a嘉孚随文学家编辑部@Ajia fu sui wen xue jia bian ji bu@4主编 |
| 801 | 0 | @aCN@b中图数据@c20070822 |
| 905 | @a10447@dH319.4@e1522 | |
| 小红马/(美)约翰·斯坦贝克著/嘉孚随文学家编辑部主编/石枚译文/邹晗绘图.-北京:中国和平出版社,2005 |
| 207页:图;21cm.-(人与自然的交响乐章---诺贝尔文学奖名篇) |
| 彩绘名著;中英文双语阅读 |
| ISBN 7-80201-144-2:CNY18.00 |
| 生长在美国中部的大草原上的男孩乔迪,意外地得到了一匹漂亮的小红马,这个奢侈品使他一下子成为男孩们仰视的骑士...... |
| ● |
| 相关链接 |
|
|
|
|
正题名:小红马
索取号:H319.4/1522
 
预约/预借
| 序号 | 登录号 | 条形码 | 馆藏地/架位号 | 状态 | 备注 |
| 1 | 0617113 | 206171131 | 第二样本阅览室/ [索取号:H319.4/1522] | 在馆 | |
| 2 | 0617114 | 206171140 | 第四借阅区/ [索取号:H319.4/1522] | 在馆 | |
| 3 | 0617115 | 206171159 | 第四借阅区/ [索取号:H319.4/1522] | 在馆 | |
| 4 | 0617116 | 206171168 | 第四借阅区/ [索取号:H319.4/1522] | 在馆 | |
| 5 | 0617117 | 206171177 | 第四借阅区/ [索取号:H319.4/1522] | 在馆 |